| 000 | 01022nam a2200289 i 4500 | ||
|---|---|---|---|
| 003 | DO-SdBNP | ||
| 005 | 20250613152712.0 | ||
| 007 | ta | ||
| 008 | 250613t2014 dr 000 0 spa d | ||
| 020 | _a9789945471434 | ||
| 040 |
_aDO-SdBNP _bspa _cBNPHU _erda |
||
| 082 |
_axxxx _bM674 _222 |
||
| 100 | 1 |
_aGonzález Riba, Ángela Mireya _eautora _4aut. _987025 |
|
| 245 | 1 | 0 |
_aSer persona : _bla psicología a la luz de la fe / _cÁngela Mireya González Riba ; prólogo, Francisco José Arnaiz |
| 250 | _aSegunda edición | ||
| 264 |
_aSanto Domingo : _bEditora Amigo del Hogar, _c2014. |
||
| 300 |
_avolúmenes _c23 cm. |
||
| 336 |
_atexto _btxt _2rdacontent |
||
| 337 |
_asin mediación _bn _2rdamedia |
||
| 338 |
_avolumen _bnc _2rdacarrier |
||
| 500 | _aIncluye datos biografícos de la autora en la contraportada. | ||
| 500 | _aLa biblioteca posee el volumen 1. | ||
| 590 | _aInventariado, 2025/ YL | ||
| 700 |
_aArnaiz, Francisco José, _d1925- _eprólogo _4pr. _921372 |
||
| 910 | _aYLockward | ||
| 942 |
_2ddc _cLBS1 |
||
| 999 |
_c59283 _d59283 |
||